Nessa Barrett lyrics - Statistics

General Stats
  • This quiz has been taken 333 times
  • The average score is 20 of 32
Answer Stats
Hint Answer % Correct
I'll blow a little kiss to your mommy and your dadI'll tell them that you fell when I push you off the roof BANG BANG!
86%
You'd never mean to break meAnd that's why I'm afraid die first
86%
Did you change your hair?Did you lose a little weight? dying on the inside
85%
So you lift the rugAnd I'll sweep the glass lovebomb
85%
Why am I jealous if you're mine?Why am I not even your type? gaslight
82%
I scare myself sometimes I almost took my life madhouse
79%
Want the drugs that taste like candyAnd blood diamonds in my teeth la di die
78%
Every day's a dark situationTrying not to hoop with the poison scare myself
76%
Hell is right around the cornerBut it's heaven next to you forgive the world
72%
Everybody seems to know my problems But no one can solve them noose
72%
Everybody else can go to hellI don't care what they say grave
69%
You almost had me convincedThe best thing about me was this too hot to cry
69%
I thoughtYou could help me make myself a better daughter dear god
66%
Hide behind your poker face, you do it every dayI know you lie, so I fake a smile keep me afraid
63%
But she's thick and she's twisted A bit masochistic talk to myself
63%
They say there's no chance in hellThat this is gonna last decay
62%
Been keeping your shit to myselfIf I said it out loud, you'd be burning in hell i hope ur miserable until ur dead
62%
Burning down my mansion, didn't write a willFront row at my funeral, crocodile tear tired of california
62%
When you're dealing with a demon It ain't over til you kill the queen deathmatch
60%
Nearly every morning that I cryWakin' up to words, they're throwing knives pretty poison
60%
I admit that I was scared as hellOf the things that I might do to myself sincerely
56%
If I did half of what you didIt's enough to make me sick counting crimes
54%
I wake up at night, screamin'I'm scared to shut my eyes, demons i wanna die
54%
Is this the future waiting for me?Another needless horror story unnecessary violence
51%
Adrenaline flight or fightShark teeth gettin' ready to bite fuckmarrykill
50%
Now and then, the darkest rolls around but I'm not afraid I'm not the same, not the same god's favorite
49%
Never thought to doubt youWho else is there to blame? Pain
49%
It's half of a homeJust half of a home lucky star
48%
Frightened by the bite, though it's not harsher than the barkThe middle of adventure, such a perfect place to start 505
45%
Precious kissesWords that burn me do you really want to hurt me?
41%
My scars think they own meI've been feeling real lonely I'm Dead
35%
Cause what you don't knowWhen my heart goes cold if you love me
32%
No matching quizzes found
Score Distribution
Percent of People with Each Score
Percentile by Number Answered
Your Score History
You have not taken this quiz